The Lonely Crowd: (Record no. 12963)
[ view plain ]
| 000 -LEADER | |
|---|---|
| fixed length control field | 01178cam a22002771 4500 |
| 001 - CONTROL NUMBER | |
| control field | 2637097 |
| 005 - DATE AND TIME OF LATEST TRANSACTION | |
| control field | 20060724142137.0 |
| 008 - FIXED-LENGTH DATA ELEMENTS--GENERAL INFORMATION | |
| fixed length control field | 730515s1950 nyu | b 00| 0 eng |
| 010 ## - LIBRARY OF CONGRESS CONTROL NUMBER | |
| LC control number | 50009967 |
| 040 ## - CATALOGING SOURCE | |
| Original cataloging agency | DLC |
| Transcribing agency | DLC |
| Modifying agency | DLC |
| 043 ## - GEOGRAPHIC AREA CODE | |
| Geographic area code | n-us--- |
| 050 10 - LIBRARY OF CONGRESS CALL NUMBER | |
| Classification number | BF755.A5 |
| Item number | R5 |
| 082 00 - DEWEY DECIMAL CLASSIFICATION NUMBER | |
| Classification number | 155.820973 |
| Item number | RIE |
| Edition number | 22 |
| 100 1# - MAIN ENTRY--PERSONAL NAME | |
| Personal name | Riesman, David, |
| Dates associated with a name | 1909-2002. |
| 9 (RLIN) | 9564 |
| 245 14 - TITLE STATEMENT | |
| Title | The Lonely Crowd: |
| Remainder of title | A Study of the Changing American character/ |
| Statement of responsibility, etc | by David Riesman in collaboration with Reuel Denney |
| 260 ## - PUBLICATION, DISTRIBUTION, ETC. (IMPRINT) | |
| Place of publication, distribution, etc | New York: |
| Name of publisher, distributor, etc | Doubleday Anchor Book, |
| Date of publication, distribution, etc | 1953 |
| 300 ## - PHYSICAL DESCRIPTION | |
| Extent | xvii, 359 p.; |
| Dimensions | 24 cm. |
| 500 ## - GENERAL NOTE | |
| General note | Donated by: Alaa Abdel Ghany |
| 500 ## - GENERAL NOTE | |
| General note | This book was originally publshed by: Yale University Press, 1950 |
| 650 #0 - SUBJECT ADDED ENTRY--TOPICAL TERM | |
| Topical term or geographic name as entry element | National characteristics, American. |
| 9 (RLIN) | 9565 |
| 650 #0 - SUBJECT ADDED ENTRY--TOPICAL TERM | |
| Topical term or geographic name as entry element | Ethnopsychology |
| Geographic subdivision | United States. |
| 9 (RLIN) | 9566 |
| 810 2# - SERIES ADDED ENTRY--CORPORATE NAME | |
| Corporate name or jurisdiction name as entry element | Yale University. |
| Title of a work | Studies in national policy, |
| Volume/sequential designation | 3. |
| 9 (RLIN) | 9567 |
| 942 ## - ADDED ENTRY ELEMENTS (KOHA) | |
| Source of classification or shelving scheme | Dewey Decimal Classification |
| Item type | Book - Borrowing |
| Withdrawn status | Item status | Source of classification or shelving scheme | Damaged status | Not for loan | Vendor | Home library | Current library | Shelving location | Date acquired | Source of acquisition | Total Checkouts | Total Renewals | Full call number | Barcode | Date last seen | Date last borrowed | Koha item type | Public note |
|---|---|---|---|---|---|---|---|---|---|---|---|---|---|---|---|---|---|---|
| Dewey Decimal Classification | Central Library | Central Library | Lower Floor | 23/11/2009 | Donation | 2 | 16 | 155.820973 RIE | 000019095 | 15/07/2025 | 07/03/2024 | Book - Borrowing | donated by Alaa AbdelGhaney |